000 00701nam a2200253Ia 4500
003 OSt
005 20220918174410.0
006 a|||||r|||| 00| 0
007 ta
008 220917b |||||||| |||| 00| 0 eng d
024 _a11,971
037 _cTextual
040 _aARTS
_cARTS
_beng
041 _2eng
_aeng
082 _aMV41.58, M6
100 _aErickson John
_950336
245 0 _aSoviet ground fotrces
_b An operational assessment
260 _aLondon
_bCroomHelm
_c1986
300 _ax, 267p.
_ccm.
500 _aBibliography p 249-58; Glossary p 221-44
650 _aINDUSTRIAL ARTS
942 _hMV41.58, M6
_cTEXL
_2CC
999 _c153027
_d153027